[Event "London Classic Open 2014"]
[Site "London ENG"]
[Date "2014.12.14"]
[Round "9.50"]
[White "Akshay V Halagannavar"]
[Black "Gupta, Arul"]
[Result "1/2-1/2"]
[WhiteElo "1881"]
[BlackElo "2065"]
[WhiteFideId "25020188"]
[BlackFideId "422622"]
[EventDate "2014.12.08"]

1. Nf3 d5 2. g3 e6 3. Bg2 f5 4. O-O Nf6 5. b3 Bd6 6. Bb2 O-O 7. d3 c5 8. Nbd2
Nc6 9. Re1 e5 10. e4 fxe4 11. dxe4 d4 12. Nc4 Bc7 13. a4 Qe7 14. c3 Be6 15. cxd4
exd4 16. e5 Nd7 17. Nd6 Bxd6 18. exd6 Qxd6 19. Ng5 Bf7 20. Qd3 Qg6 21. Qxg6 Bxg6
22. Ne6 Rf6 23. Ba3 Bf7 24. Nxc5 Nxc5 25. Bxc5 Bxb3 26. Bxc6 Rxc6 27. Bxd4 Rc4
28. Bb2 Rc2 29. Bd4 Rd2 30. Bc3 Rd3 31. Bb2 Rd7 32. Re3 Bd5 33. Rd1 Rad8 34.
Red3 Bc6 35. Rxd7 Rxd7 36. Rxd7 Bxd7 37. a5 a6 38. f4 h5 39. Bd4 Kf7 40. Kf2 Bc6
41. Ke3 g6 42. h4 Ke6 43. Bb6 Kf5 44. Bd8 Ke6 45. Bb6 Kd5 46. Kd3 Bb5+ 47. Ke3
Kc4 48. Bc7 Kc3 49. Be5+ Kc2 50. Bd4 Bc4 51. Bb6 Kd1 52. Kf2 Be6 53. Bd4 1/2-1/2

[Event "London Classic Open 2014"]
[Site "London ENG"]
[Date "2014.12.14"]
[Round "9.51"]
[White "Brozel, Sacha"]
[Black "Johansson, Toni"]
[Result "1/2-1/2"]
[WhiteElo "1822"]
[BlackElo "2062"]
[WhiteFideId "429317"]
[BlackFideId "1703269"]
[EventDate "2014.12.08"]

1. c4 e5 2. g3 h5 3. h4 Bc5 4. Bg2 Nf6 5. Nc3 Nc6 6. Nf3 d6 7. O-O Bg4 8. d3 Qd7
9. a3 Bh3 10. b4 Bxg2 11. Kxg2 Bd4 12. Nxd4 Nxd4 13. Nd5 c6 14. Nxf6+ gxf6 15.
Bb2 Nf5 16. e4 Ne7 17. d4 Ng6 18. Qf3 O-O-O 19. b5 cxb5 20. Rfc1 bxc4 21. Rxc4+
Kb8 22. a4 Qg4 23. Qxg4 hxg4 24. Rac1 Rd7 25. d5 Ne7 26. Ba3 Rhd8 27. R1c2 f5
28. exf5 Nxf5 29. Rxg4 Nd4 30. Rc3 f5 31. Rg6 a6 32. Bb4 b5 33. axb5 axb5 34. h5
f4 35. g4 e4 36. h6 f3+ 37. Kh3 Ne2 38. Kh4 Nxc3 39. Bxc3 Rc8 40. Bd4 b4 41. Re6
b3 42. Rxe4 Rc4 43. Ba7+ Rxa7 44. Rxc4 b2 45. Rb4+ Rb7 46. h7 Rxb4 47. h8=Q+ Kc7
48. Qh7+ Kb6 49. Qb1 Kc5 50. Kg5 Kc4 51. Kf4 Kb3+ 52. Ke3 Rc4 53. Kd2 Rd4+ 54.
Ke3 Rc4 55. Kd2 Rd4+ 56. Ke3 Rc4 1/2-1/2

[Event "London Classic Open 2014"]
[Site "London ENG"]
[Date "2014.12.14"]
[Round "9.52"]
[White "Jacobsen, Fredrik Beer"]
[Black "Cannon, Raymond C"]
[Result "0-1"]
[WhiteElo "2034"]
[BlackElo "1956"]
[WhiteFideId "1507044"]
[BlackFideId "408018"]
[EventDate "2014.12.08"]

1. e4 e6 2. Nc3 d5 3. d3 dxe4 4. Nxe4 e5 5. g3 Nf6 6. Bg2 Be7 7. Ne2 Nxe4 8.
Bxe4 Nd7 9. O-O Nf6 10. Bg2 O-O 11. b3 Nd5 12. Bb2 Bf6 13. Qd2 c6 14. Rae1 Bg4
15. Kh1 Bg5 16. Qd1 Re8 17. a3 Qb6 18. c4 Nc7 19. f3 Bf5 20. h4 Be3 21. Nc3 a5
22. g4 Bd7 23. Na4 Qa7 24. c5 Bxc5 25. Bxe5 Nd5 26. Qa1 f6 27. d4 Bf8 28. Bg3 b5
29. Nc3 Nxc3 30. Qxc3 Bxa3 31. Qd3 Bb4 32. Rd1 Re7 33. d5 Re3 34. Qb1 c5 35. Bf2
Re2 36. g5 fxg5 37. hxg5 Rae8 38. f4 Bg4 39. Kh2 Qf7 40. Kg3 Bf5 41. Qc1 Qh5 42.
d6 Qg4+ 43. Kh2 Bd7 44. Rd3 Bd2 45. Qxc5 Bxf4+ 46. Kg1 Qh5 47. Bg3 Rxg2+ 48.
Kxg2 Qe2+ 49. Qf2 Bc6+ 50. Kg1 Qxd3 51. Qxf4 Qd5 52. Rf3 Qxf3 0-1

[Event "London Classic Open 2014"]
[Site "London ENG"]
[Date "2014.12.14"]
[Round "9.53"]
[White "Wettasinha, Vasanta"]
[Black "Jyothilal, N."]
[Result "1-0"]
[WhiteElo "1761"]
[BlackElo "2031"]
[WhiteFideId "9904433"]
[BlackFideId "5002605"]
[EventDate "2014.12.08"]

1. d4 Nf6 2. Nc3 d5 3. Bg5 Ne4 4. Nxe4 dxe4 5. Qd2 Qd5 6. Bf4 c6 7. e3 Bf5 8. c4
Qd7 9. Ne2 e6 10. Nc3 Bb4 11. a3 Bxc3 12. Qxc3 O-O 13. Be2 Na6 14. h4 h6 15. g4
Bh7 16. g5 hxg5 17. hxg5 Bg6 18. O-O-O Rfc8 19. Rh2 f6 20. gxf6 gxf6 21. Rh6 Kf7
22. Rg1 Rg8 23. Bh5 Bxh5 24. Rh7+ 1-0

[Event "London Classic Open 2014"]
[Site "London ENG"]
[Date "2014.12.14"]
[Round "9.54"]
[White "Morello, Guido"]
[Black "Cavendish, Joshua Z"]
[Result "1/2-1/2"]
[WhiteElo "2029"]
[BlackElo "1747"]
[WhiteFideId "836621"]
[BlackFideId "418005"]
[EventDate "2014.12.08"]

1. e4 c6 2. d4 d5 3. Nc3 dxe4 4. Nxe4 Bf5 5. Ng3 Bg6 6. h4 h6 7. Nh3 Nf6 8. Nf4
Bh7 9. Bc4 Nbd7 10. O-O Qc7 11. Re1 Nb6 12. Bb3 Nbd5 13. Nd3 e6 14. c4 Nb4 15.
Ne5 Bd6 16. a3 Na6 17. Bf4 Nd7 18. Qg4 Bxe5 19. Bxe5 Nxe5 20. Rxe5 Rg8 21. Rae1
O-O-O 22. d5 f5 23. Qf3 Nc5 24. Bc2 cxd5 25. cxd5 Ne4 26. Rxe6 Qxc2 27. Nxe4
fxe4 28. Qe3 Kb8 29. d6 Qc4 30. Re7 Qd3 31. Qf4 Qxd6 32. Qf7 Qd5 33. Qf4+ Ka8
34. Rc1 Qd6 35. Qxd6 Rxd6 36. Rcc7 b6 37. Rxa7+ Kb8 38. Rec7 1/2-1/2

[Event "London Classic Open 2014"]
[Site "London ENG"]
[Date "2014.12.14"]
[Round "9.56"]
[White "Disu, Kayode"]
[Black "Wall, Tim P"]
[Result "0-1"]
[BlackTitle "FM"]
[WhiteElo "1879"]
[BlackElo "2276"]
[WhiteFideId "432849"]
[BlackFideId "401641"]
[EventDate "2014.12.08"]

1. e4 c5 2. Nc3 Nc6 3. f4 g6 4. Nf3 Bg7 5. Bb5 Nd4 6. O-O Nxb5 7. Nxb5 d5 8.
exd5 a6 9. Nc3 Nf6 10. d4 c4 11. a4 Nxd5 12. Ne5 Be6 13. Ne4 O-O 14. a5 Qc7 15.
Nc5 Bf5 16. Ra4 c3 17. b3 Rad8 18. Qe2 h5 19. Be3 Bxc2 20. Rfa1 Bf5 21. Rc4 Qb8
22. h3 h4 23. Re1 Bf6 24. Bc1 Rd6 25. Ne4 Bxe4 26. Qxe4 e6 27. Ba3 Kg7 28. Bxd6
Qxd6 29. Ng4 Bd8 30. Ra4 Qxf4 31. Qe5+ Qxe5 32. Nxe5 Bg5 33. Nd3 Bd2 34. Re2 Ne3
35. Kf2 Nd1+ 36. Kf3 Nb2 37. Nb4 Nxa4 38. bxa4 Rc8 39. Nc2 Rc4 40. Re5 Rxa4 41.
Ke2 Ra2 42. Kd3 Rb2 43. Rc5 Kf6 44. Nb4 0-1

[Event "London Classic Open 2014"]
[Site "London ENG"]
[Date "2014.12.14"]
[Round "9.57"]
[White "Strand, Oyvin"]
[Black "Farkas, Lajos Dr."]
[Result "0-1"]
[WhiteElo "1877"]
[BlackElo "2219"]
[WhiteFideId "1507230"]
[BlackFideId "711390"]
[EventDate "2014.12.08"]

1. d4 Nf6 2. Nf3 b6 3. b3 g6 4. Bb2 Bg7 5. e3 Bb7 6. Bd3 O-O 7. O-O d5 8. Nbd2
Ne4 9. c4 e6 10. Qc2 f5 11. Ne5 Nd7 12. f4 Nxe5 13. dxe5 Nxd2 14. Qxd2 dxc4 15.
bxc4 Qe7 16. a4 Rfd8 17. Qc2 Rd7 18. Ba3 c5 19. Rfd1 Rad8 20. Bb2 g5 21. Bc3
gxf4 22. exf4 Bh6 23. g3 Qg7 24. Bxf5 exf5 25. e6 Rxd1+ 26. Rxd1 Rxd1+ 27. Qxd1
Qxc3 0-1

[Event "London Classic Open 2014"]
[Site "London ENG"]
[Date "2014.12.14"]
[Round "9.58"]
[White "Rozycki, Bartlomiej"]
[Black "Haridas, Girinath"]
[Result "1-0"]
[WhiteElo "2085"]
[BlackElo "1856"]
[WhiteFideId "1106996"]
[BlackFideId "427144"]
[EventDate "2014.12.08"]

1. d4 Nf6 2. c4 g6 3. f3 Bg7 4. e4 d6 5. Nc3 O-O 6. Nge2 Nc6 7. Be3 a6 8. Qd2
Rb8 9. Rc1 Bd7 10. Nd1 b5 11. c5 e6 12. g3 Ne8 13. Bg2 dxc5 14. Rxc5 Nd6 15. b3
Ne7 16. O-O f5 17. Nf2 fxe4 18. fxe4 e5 19. d5 Nec8 20. Bg5 Bf6 21. Bxf6 Rxf6
22. Rfc1 Ne8 23. Nd3 Qe7 24. Qb2 Bg4 25. R5c2 Bf3 26. Bxf3 Rxf3 27. Nxe5 Re3 28.
Qd4 Qg5 29. Nf4 Ncd6 30. Qxe3 Qxe5 31. Nd3 Qxe4 32. Qxe4 Nxe4 33. Re2 N8f6 34.
Nf4 Rc8 35. Rc6 a5 36. Re6 g5 37. Nh5 Rf8 38. R2xe4 Nxe4 39. Rxe4 Kf7 40. g4 Rd8
41. Re5 h6 42. Kf2 a4 43. Ke3 axb3 44. axb3 Ra8 45. Kd4 Ra2 46. h3 Rd2+ 47. Kc3
Rh2 48. Re3 Rh1 49. Rd3 Ke7 50. Ng3 Rc1+ 51. Kb2 Re1 52. Nf5+ Kd7 53. Nxh6 c6
54. Nf7 cxd5 55. Nxg5 Kc6 56. h4 Rg1 57. Nf3 Rg2+ 58. Kc3 Kc5 59. b4+ Kd6 60. g5
Rg3 61. h5 Ke7 62. h6 Kf8 63. Kd4 Rg4+ 64. Kxd5 Rxb4 65. Ne5 Ra4 66. Rh3 1-0

[Event "London Classic Open 2014"]
[Site "London ENG"]
[Date "2014.12.14"]
[Round "9.59"]
[White "Calderon, Paul"]
[Black "Barton, R Alan"]
[Result "1-0"]
[WhiteElo "1866"]
[BlackElo "2042"]
[WhiteFideId "2082160"]
[BlackFideId "404233"]
[EventDate "2014.12.08"]

1. c4 e5 2. g3 d6 3. Bg2 c6 4. Nc3 f5 5. d4 Be7 6. dxe5 dxe5 7. Qxd8+ Bxd8 8. e4
Nf6 9. Nge2 O-O 10. O-O fxe4 11. Nxe4 Nxe4 12. Bxe4 Bh3 13. Bg2 Bxg2 14. Kxg2
Nd7 15. Nc3 Nf6 16. h3 Ba5 17. Ne2 Ne4 18. Be3 Bb6 19. Bxb6 axb6 20. Ng1 Rf7 21.
b3 Raf8 22. f3 Nc5 23. Rae1 Ra8 24. Re2 Rd7 25. h4 h6 26. Nh3 Nd3 27. Nf2 Nb4
28. a4 Nd3 29. Nxd3 Rxd3 30. Rb1 Re8 31. Rbb2 Rf8 32. Rf2 Rc3 33. f4 e4 34. Rfe2
Re8 35. Kf2 e3+ 36. Kf3 Kf7 37. b4 Kf6 38. Rbc2 Rb3 39. Rb2 Rd3 40. c5 bxc5 41.
bxc5 Re7 42. Rbc2 h5 43. Rc4 Kf5 44. a5 Ra3 45. Rb4 g6 46. Rb6 Rxa5 47. Rxe3
Rxe3+ 48. Kxe3 Kg4 49. Rxb7 Rxc5 50. Rg7 Rc3+ 51. Ke4 Kxg3 52. Rxg6+ Kxh4 53. f5
Rc1 54. f6 c5 55. f7 Rf1 56. Rg7 c4 57. Kd4 Rf4+ 58. Ke3 Rf1 59. Kd4 Rf4+ 60.
Ke5 Rf1 61. Ke6 Kh3 62. Rg8 Re1+ 63. Kd5 Rd1+ 64. Kxc4 Rc1+ 65. Kd3 Rf1 66. f8=Q
Rxf8 67. Rxf8 h4 68. Ke3 Kg2 69. Rg8+ Kh2 70. Kf3 h3 71. Rh8 1-0

[Event "London Classic Open 2014"]
[Site "London ENG"]
[Date "2014.12.14"]
[Round "9.60"]
[White "Gschwendtner, Stanislav"]
[Black "Rygg, Snorre"]
[Result "0-1"]
[WhiteElo "1998"]
[BlackElo "1865"]
[WhiteFideId "307297"]
[BlackFideId "1516035"]
[EventDate "2014.12.08"]

1. c4 g6 2. Nc3 Bg7 3. e4 d6 4. d4 Nf6 5. f4 O-O 6. Nf3 Na6 7. e5 Ng4 8. h3 Nh6
9. g4 f6 10. exf6 exf6 11. Be2 Re8 12. O-O b6 13. a3 c5 14. d5 f5 15. Ng5 Bd4+
16. Kg2 Nc7 17. Nb5 Nxb5 18. cxb5 Bd7 19. Ra2 Qc8 20. Rh1 Qb7 21. Bf3 Bxb5 22.
b3 Re7 23. Ne6 Bh8 24. g5 Nf7 25. h4 Nd8 26. h5 Nxe6 27. dxe6 Bc6 28. hxg6 Bxf3+
29. Qxf3 Qxf3+ 30. Kxf3 hxg6 31. Rah2 Bg7 32. Rh7 d5 33. Bb2 d4 34. b4 Rxe6 35.
bxc5 bxc5 36. Rxg7+ Kxg7 37. Rc1 Rae8 0-1

[Event "London Classic Open 2014"]
[Site "London ENG"]
[Date "2014.12.14"]
[Round "9.61"]
[White "Fernandez Aransay, Fernando"]
[Black "Calvert, D Ian"]
[Result "0-1"]
[WhiteElo "1861"]
[BlackElo "1982"]
[WhiteFideId "2216280"]
[BlackFideId "406368"]
[EventDate "2014.12.08"]

1. e4 d5 2. exd5 Qxd5 3. Nf3 Bg4 4. Be2 Nc6 5. d4 O-O-O 6. Be3 e5 7. c4 Qa5+ 8.
Bd2 Bb4 9. d5 Bxf3 10. Bxf3 Nd4 11. Nc3 Qa6 12. Be2 Qg6 13. O-O Nf6 14. a3 Bd6
15. Be3 Nxe2+ 16. Qxe2 e4 17. h3 a6 18. c5 Be5 19. c6 Nxd5 20. cxb7+ Kxb7 21.
Na4 Nxe3 22. Qxe3 Bd4 23. Qb3+ Ka7 24. Rac1 Rc8 25. Rc4 Rhd8 26. Qc2 c5 27. b4
e3 28. fxe3 Bxe3+ 29. Kh1 Rc7 30. Nxc5 Rd2 31. Qxg6 hxg6 32. Re4 Bxc5 33. bxc5
Rc2 34. Re5 f6 35. Re6 R2xc5 36. Rd1 Rc1 37. Rxc1 Rxc1+ 38. Kh2 Kb7 39. Re3 Kb6
40. Kg3 Rc7 41. h4 Kb5 42. Kg4 Ka4 43. h5 Rc4+ 44. Kf3 gxh5 0-1

[Event "London Classic Open 2014"]
[Site "London ENG"]
[Date "2014.12.14"]
[Round "9.62"]
[White "Machlik, Jon"]
[Black "Praczukowski, Stanislaw"]
[Result "1-0"]
[WhiteElo "1852"]
[BlackElo "1962"]
[WhiteFideId "1513613"]
[BlackFideId "1182730"]
[EventDate "2014.12.08"]

1. e4 e6 2. d4 d5 3. Nd2 Nf6 4. e5 Nfd7 5. Bd3 c5 6. c3 Nc6 7. Ne2 cxd4 8. cxd4
Qb6 9. O-O Nxd4 10. Nxd4 Qxd4 11. Nf3 Qb6 12. Qa4 Qb4 13. Qc2 h6 14. Bd2 Qb6 15.
Qa4 a6 16. Rac1 Qa7 17. Rc7 Be7 18. Rfc1 O-O 19. Rxc8 Rfxc8 20. Rxc8+ Rxc8 21.
Qxd7 Qc5 22. Qxb7 f6 23. Qxa6 1-0

[Event "London Classic Open 2014"]
[Site "London ENG"]
[Date "2014.12.14"]
[Round "9.63"]
[White "Nordstrom, Hakon N"]
[Black "Moradi, Kimia"]
[Result "0-1"]
[WhiteElo "1836"]
[BlackElo "1920"]
[WhiteFideId "1513710"]
[BlackFideId "12500100"]
[EventDate "2014.12.08"]

1. e4 e5 2. f4 d5 3. exd5 exf4 4. Nf3 Nf6 5. d4 Nxd5 6. Bc4 Qe7+ 7. Ne5 Qh4+ 8.
Kf1 Be6 9. Qf3 Ne3+ 10. Bxe3 Bxc4+ 11. Nxc4 fxe3 12. Nxe3 Nc6 13. Nf5 Qf6 14.
Nc3 O-O-O 15. d5 Ne5 16. Qf2 Ng4 17. Qf4 Nh6 18. g4 g6 19. Nb5 Qb6 20. Nfd4 a6
21. g5 Nf5 22. a4 axb5 23. Nxf5 gxf5 24. axb5 Rxd5 25. c4 Qd4 26. Qf3 Qxc4+ 0-1

[Event "London Classic Open 2014"]
[Site "London ENG"]
[Date "2014.12.14"]
[Round "9.64"]
[White "Woong, Zhi Wei William"]
[Black "Terzo, Andrea"]
[Result "1-0"]
[WhiteElo "1912"]
[BlackElo "1809"]
[WhiteFideId "5804906"]
[BlackFideId "897353"]
[EventDate "2014.12.08"]

1. e4 e6 2. d4 d5 3. Nc3 Nf6 4. Bg5 Be7 5. e5 Nfd7 6. Bxe7 Qxe7 7. f4 a6 8. Nf3
c5 9. Qd2 Nc6 10. dxc5 Nxc5 11. Bd3 O-O 12. O-O Nxd3 13. cxd3 Bd7 14. Kh1 b5 15.
Ne2 Qb4 16. Qxb4 Nxb4 17. Rfd1 Rac8 18. Ned4 Rc7 19. a3 Nc6 20. Nxc6 Rxc6 21.
Nd4 Rc7 22. Kg1 Rfc8 23. Kf2 f6 24. Ke3 Kf7 25. Kd2 Kg6 26. g4 fxe5 27. fxe5 Rf8
28. Rf1 Rxf1 29. Rxf1 Bc8 30. Rf8 Kg5 31. Re8 Kxg4 32. Nxe6 Bxe6 33. Rxe6 Kf5
34. Rxa6 Kxe5 35. Rb6 g5 36. Rxb5 h5 37. Rb8 Rf7 38. Ke3 d4+ 39. Ke2 Rc7 40. Kf3
Rc2 41. Rb5+ Kf6 42. a4 Rxh2 43. a5 Rh1 44. Rb3 Re1 45. a6 Re8 46. a7 Ra8 47.
Rb7 Kf5 48. b4 g4+ 49. Kg3 h4+ 50. Kf2 Kf4 51. b5 1-0

[Event "London Classic Open 2014"]
[Site "London ENG"]
[Date "2014.12.14"]
[Round "9.65"]
[White "Altman, Joshua"]
[Black "Nettleton, Charlie B"]
[Result "0-1"]
[WhiteTitle "CM"]
[WhiteElo "1723"]
[BlackElo "1910"]
[WhiteFideId "426210"]
[BlackFideId "419710"]
[EventDate "2014.12.08"]

1. e4 e5 2. Nf3 Nc6 3. Bb5 Nf6 4. d3 d6 5. c3 Be7 6. h3 O-O 7. O-O h6 8. Re1 a6
9. Ba4 Nh7 10. d4 b5 11. Bb3 Ng5 12. d5 Nb8 13. a4 bxa4 14. Rxa4 Nd7 15. Ra1
Nxf3+ 16. Qxf3 Bg5 17. Be3 Rb8 18. Bc4 Rxb2 19. Bxa6 Bxe3 20. Qxe3 Bxa6 21. Rxa6
Nc5 22. Ra3 Qb8 23. Nd2 f5 24. exf5 Rxf5 25. Rea1 Qb5 26. R1a2 Rxa2 27. Rxa2 Qb7
28. c4 Rf4 29. Kh2 Kh7 30. Qg3 Qb4 31. h4 g6 32. f3 Qb8 33. Rc2 Qd8 34. Ra2
Rxh4+ 35. Kg1 Qg5 36. Qxg5 hxg5 37. Ra7 Rd4 38. Rxc7+ Kh6 39. Ne4 Nxe4 40. fxe4
Rxe4 41. Rc6 g4 42. Kf2 Kg5 43. g3 Kf5 44. Rc7 Kf6 45. Rc6 Ke7 46. Rc7+ Kd8 47.
Rg7 Rxc4 48. Rxg6 Kc7 49. Ke3 Rd4 50. Ke2 Ra4 51. Rg7+ Kb6 52. Ke3 Kc5 53. Rg5
Kxd5 54. Rf5 Ra3+ 55. Kf2 Ra2+ 56. Kf1 Ke4 0-1

[Event "London Classic Open 2014"]
[Site "London ENG"]
[Date "2014.12.14"]
[Round "9.67"]
[White "Kalerwa, Edwin M"]
[Black "Rogers, Tim L"]
[Result "0-1"]
[WhiteElo "1840"]
[BlackElo "2046"]
[WhiteFideId "422223"]
[BlackFideId "418137"]
[EventDate "2014.12.08"]

1. c4 e5 2. Nc3 Nf6 3. d4 exd4 4. Qxd4 Nc6 5. Qd1 Bc5 6. e3 O-O 7. Be2 d6 8. Nf3
Bf5 9. O-O h6 10. a3 a5 11. Nd2 Re8 12. Bf3 Qd7 13. Nb3 Bb6 14. Kh1 Ne5 15. Nd4
Bd3 16. Bxb7 Bxf1 17. Bxa8 Bxc4 18. Bf3 Nd3 19. Bc6 Nxf2+ 20. Kg1 Nxd1 21. Bxd7
Nxd7 22. Nxd1 Bxd4 23. Bd2 Bb6 24. Rc1 Bb3 25. Kf2 Ne5 26. Kg3 Nc4 27. Bc3 Nxe3
28. Nxe3 Rxe3+ 29. Kf4 g5+ 30. Kf5 Be6+ 31. Kf6 Bd7 32. Re1 Bd4+ 0-1

[Event "London Classic Open 2014"]
[Site "London ENG"]
[Date "2014.12.14"]
[Round "9.68"]
[White "Lane, Peter C R"]
[Black "Barasi, Paul Dl"]
[Result "1-0"]
[WhiteElo "2043"]
[BlackElo "1836"]
[WhiteFideId "407607"]
[BlackFideId "432830"]
[EventDate "2014.12.08"]

1. Nf3 c5 2. c4 Nc6 3. g3 e6 4. Bg2 f5 5. O-O Nf6 6. Nc3 Be7 7. d4 cxd4 8. Nxd4
a6 9. Nc2 O-O 10. b3 Rb8 11. h3 b5 12. Bf4 e5 13. cxb5 axb5 14. Bxc6 exf4 15.
Bxb5 fxg3 16. Bc4+ Kh8 17. fxg3 Qc7 18. Kh2 Nh5 19. Rf3 Bh4 20. Qd3 Bxg3+ 21.
Rxg3 Nxg3 22. Qxg3 f4 23. Qg5 d5 24. Nxd5 Qd7 25. Qg2 Rf5 26. Rd1 Rh5 27. Nxf4
Qc7 28. Rd8+ Qxd8 29. Nxh5 Qd7 30. Ne3 Rb6 31. Qf3 Qd6+ 32. Qf4 Qe7 33. Nd5 1-0

[Event "London Classic Open 2014"]
[Site "London ENG"]
[Date "2014.12.14"]
[Round "9.69"]
[White "Slade, Theodore"]
[Black "Arnetta, Maria Teresa"]
[Result "1/2-1/2"]
[BlackTitle "WFM"]
[WhiteElo "1869"]
[BlackElo "2027"]
[WhiteFideId "426547"]
[BlackFideId "811572"]
[EventDate "2014.12.08"]

1. e4 c5 2. Nf3 Nc6 3. Bb5 Nf6 4. Bxc6 dxc6 5. d3 c4 6. e5 Ng4 7. d4 g6 8. Bf4
h5 9. Nbd2 Qd5 10. Qe2 Be6 11. O-O Nh6 12. c3 f6 13. Rfe1 Kf7 14. b3 cxb3 15. c4
Qd7 16. axb3 Bg4 17. h3 Bxf3 18. e6+ Kg7 19. exd7 Bxe2 20. Bc7 Nf7 21. Rxe2 Nd8
22. Rxa7 Rxa7 23. Bxd8 Ra1+ 24. Kh2 Ra8 25. Bc7 e6 26. d8=Q Rxd8 27. Bxd8 Bd6+
28. g3 Rxd8 29. Rxe6 Kf7 30. Re2 h4 31. Nf3 hxg3+ 32. fxg3 Bb4 33. Ra2 Rd7 34.
Kg2 Bc3 35. Ra7 Ke6 36. Kf2 Kd6 37. Ke3 Kc7 38. Kd3 Bxd4 39. Nxd4 c5 40. Ra8
Rxd4+ 41. Ke3 Rd1 42. Rg8 g5 43. Rg7+ Kc6 44. Rg6 Rf1 45. h4 gxh4 46. gxh4 Kc7
47. Rg7+ Kc6 48. Rg6 Kd7 49. Rg7+ Kc6 50. Ke2 Rh1 51. Rg6 Rxh4 52. Rxf6+ Kc7 53.
Rf7+ Kb6 54. Kd3 Ka6 55. Rf6+ Ka5 56. Kc3 Rh3+ 57. Kb2 b6 58. Rg6 Rf3 59. Rh6
Rg3 60. Rf6 Re3 61. Rh6 Rg3 62. Rf6 Rh3 63. Rg6 1/2-1/2

[Event "London Classic Open 2014"]
[Site "London ENG"]
[Date "2014.12.14"]
[Round "9.70"]
[White "Millward, Kevin P"]
[Black "Grey, Nicholas D"]
[Result "1-0"]
[WhiteElo "2010"]
[BlackElo "1766"]
[WhiteFideId "404721"]
[BlackFideId "415448"]
[EventDate "2014.12.08"]

1. e4 d6 2. Nc3 Nf6 3. g3 g6 4. Bg2 Bg7 5. Nge2 O-O 6. O-O Nc6 7. h3 Bd7 8. d3
Qc8 9. Kh2 e5 10. Be3 h5 11. Qd2 Kh7 12. a4 a5 13. f4 h4 14. g4 Bxg4 15. hxg4
Nxg4+ 16. Kh1 Rh8 17. Bh3 Nf2+ 18. Rxf2 Qxh3+ 19. Rh2 Qf3+ 20. Kg1 h3 21. Rf1
Qg4+ 22. Kh1 Nd4 23. Ng1 Raf8 24. Bxd4 exd4 25. Qe2 f5 26. Nd1 Kg8 27. Qf3 Qxf3+
28. Rxf3 fxe4 29. dxe4 d5 30. exd5 c5 31. dxc6 bxc6 32. b3 Re8 33. Re2 Rxe2 34.
Nxe2 Rh5 35. Kh2 Rc5 36. c3 Rd5 37. cxd4 Bxd4 38. Nxd4 Rxd4 39. Nf2 c5 40. Nxh3
c4 41. bxc4 Rxc4 42. Ra3 Kf7 43. Kg3 Kf6 44. Kg4 Rb4 45. Ng5 Rc4 46. Nf3 Rb4 47.
Rc3 Rxa4 48. Rc6+ Kg7 49. Ne5 Ra1 50. Rxg6+ Kh7 51. Ra6 1-0

[Event "London Classic Open 2014"]
[Site "London ENG"]
[Date "2014.12.14"]
[Round "9.71"]
[White "Viudes Serra, Aaron"]
[Black "Ditmas, Hugh"]
[Result "1-0"]
[WhiteElo "1818"]
[BlackElo "1993"]
[WhiteFideId "2247658"]
[BlackFideId "1270666"]
[EventDate "2014.12.08"]

1. e4 c5 2. f4 Nc6 3. Nf3 g6 4. Bc4 Bg7 5. c3 e6 6. Qe2 Nge7 7. Bb3 O-O 8. d3 d5
9. e5 Bd7 10. Be3 b6 11. d4 cxd4 12. Nxd4 Nxd4 13. Bxd4 Qc7 14. O-O Nc6 15. Be3
Na5 16. Bd1 f6 17. exf6 Bxf6 18. Nd2 Rac8 19. Nf3 Nc4 20. Bd4 Bxd4+ 21. Nxd4 e5
22. fxe5 Rxf1+ 23. Kxf1 Nxe5 24. Bb3 Nc4 25. Kg1 Re8 26. Qf2 Rf8 27. Qe2 Re8 28.
Qf3 Qe5 29. Rf1 Qe3+ 30. Qxe3 Rxe3 31. Kf2 Re7 32. Bxc4 dxc4 33. Re1 Rf7+ 34.
Kg3 Kf8 35. Nf3 Bf5 36. Nd4 Bd7 37. Re4 g5 38. Nf3 Bc6 39. Rxc4 Bxf3 40. gxf3
Kg7 41. f4 gxf4+ 42. Rxf4 Rd7 43. h4 Kg6 44. a4 Rd3+ 45. Rf3 Rd2 46. b3 Rb2 47.
c4 Rb1 48. c5 bxc5 49. Rc3 Kf6 50. Kg4 Rb2 51. Kh5 Kg7 52. Rxc5 Rxb3 53. a5 Ra3
54. Rc7+ Kg8 55. Rxa7 Ra4 56. Kg5 Ra1 57. Kh6 Rh1 58. h5 Rh2 59. a6 Ra2 60. Rg7+
Kf8 61. a7 Ra5 62. Rb7 Ra6+ 63. Kxh7 Ra5 64. h6 1-0

[Event "London Classic Open 2014"]
[Site "London ENG"]
[Date "2014.12.14"]
[Round "9.72"]
[White "Kebbedies, Frank"]
[Black "Vachtfeidl, Petr"]
[Result "1/2-1/2"]
[WhiteElo "1803"]
[BlackElo "1985"]
[WhiteFideId "24606944"]
[BlackFideId "315028"]
[EventDate "2014.12.08"]

1. d4 Nf6 2. c4 g6 3. Nf3 Bg7 4. g3 d5 5. Bg2 dxc4 6. Na3 Nc6 7. Nxc4 Be6 8. Ne3
O-O 9. O-O h6 10. Qc2 Nxd4 11. Nxd4 Qxd4 12. Qxc7 Rfc8 13. Qxb7 Rab8 14. Qa6 Ne4
15. Rd1 Nc5 16. Qxa7 Qa4 17. Qxa4 Nxa4 18. Bd5 Nxb2 19. Bxb2 Rxb2 20. Rab1 Rcb8
21. Rxb2 Rxb2 22. Bxe6 fxe6 23. Rd8+ Kf7 24. a4 Rxe2 25. Kg2 Ra2 26. Ra8 Bd4 27.
Kf3 e5 28. g4 e6 29. h4 Kf6 30. a5 Bc5 31. Rh8 Rxa5 32. Rxh6 Kg7 33. g5 Ra4 34.
h5 Rf4+ 35. Kg3 gxh5 36. Rxh5 Kg6 37. Rh6+ Kxg5 38. Rxe6 Bxe3 39. Rxe5+ Rf5 40.
Rxe3 Ra5 41. Rb3 1/2-1/2

[Event "London Classic Open 2014"]
[Site "London ENG"]
[Date "2014.12.14"]
[Round "9.73"]
[White "Lobersli, Henrik Oie"]
[Black "Verma, Aditya"]
[Result "1-0"]
[WhiteElo "1961"]
[BlackElo "1611"]
[WhiteFideId "1511947"]
[BlackFideId "426202"]
[EventDate "2014.12.08"]

1. e4 e6 2. d4 d5 3. Nc3 Bb4 4. a3 Bxc3+ 5. bxc3 dxe4 6. Qg4 Nf6 7. Qxg7 Rg8 8.
Qh6 b6 9. Ne2 Bb7 10. Ng3 Nbd7 11. Bb5 Rg6 12. Qh4 Qe7 13. Bg5 O-O-O 14. Bxd7+
Kxd7 15. Nh5 Rxg5 16. Qxg5 Nxh5 17. Qxh5 f5 18. h4 Rg8 19. Kf1 e3 20. f3 Ba6+
21. Kg1 Kc8 22. Qh6 e2 23. Qf4 Qxa3 24. Kf2 Qxc3 25. Rxa6 Qxc2 26. Rc1 Rxg2+ 27.
Kxg2 e1=N+ 28. Kf1 1-0